000 03479nam a2200409 a 4500
008 120416s1994 ||||||||||||||||| || u
020 _a9982070258
050 _aHC 915 Que
100 _aYikona, Stuart Makanka
245 1 4 _aThe quest for an enabling environment for development in Zambia : selected readings /
260 _aNdola, Zambia :
_bMission Press
_c1994
300 _axvii, 89 p. : ill.
350 _a0.00
500 _aSBE Library has 7 copies of the book SB LIBRARY HAS 20 COPIES
650 _aZAMBIA
650 _aIndustrial policy - Zambia
650 _aINDUSTRIAL PROMOTION--ZAMBIA
700 _aDeAssis, Nathan Chilepa
995 _aSPECIAL COLLECTIONS
_D0.00
_e726760
_FCBU-MAIN LIBRARY (Kitwe)
_H4
_I4000.00
_jZAM HC 915 Que
_M5
_UAVAILABLE
_y018675
_ZZambiana Collection
995 _aTEXTBOOKS (SBE)
_D0.00
_e2608
_FCBU-SCHOOL TEXTBOOK COLLECTIONS
_H1
_I0.00
_jSCHOOL TEXTBOOK
_M13
_UAVAILABLE
_WNov 19, 2008
_y2608
_ZSchool Collections
995 _aTEXTBOOKS (SB)
_D0.00
_e1078
_FCBU-SCHOOL TEXTBOOK COLLECTIONS
_H1
_I0.00
_jSCHOOL TEXTBOOK
_M16
_UAVAILABLE
_WSep 15, 2009
_y1078
_ZSchool Collections
995 _aSPECIAL COLLECTIONS
_D0.00
_e726761
_FCBU-MAIN LIBRARY (Kitwe)
_H5
_I4000.00
_jZAM HC 915 Que
_M6
_UAVAILABLE
_y018676
_ZZambiana Collection
995 _aANNEX COLLECTION (Main Library)
_D0.00
_e726758
_FCBU-MAIN LIBRARY (Kitwe)
_H2
_I4000.00
_jHC 915 Que
_M1
_UAVAILABLE
_y003199
_ZAnnex Low-Usage Collection
995 _aANNEX COLLECTION (Main Library)
_D0.00
_e726757
_FCBU-MAIN LIBRARY (Kitwe)
_H3
_I4000.00
_jHC 915 Que
_M3
_UAVAILABLE
_y003201
_ZAnnex Low-Usage Collection
995 _aMAIN LIBRARY OPEN ACCESS
_D0.00
_e726751
_FCBU-MAIN LIBRARY (Kitwe)
_H1
_I4000.00
_jHC 915 Que
_M4
_ULOST
_y003202
_ZMain Library Open Access Collection
995 _aTEXTBOOKS (SBE)
_D0.00
_e2601
_FCBU-SCHOOL TEXTBOOK COLLECTIONS
_H1
_I0.00
_jSCHOOL TEXTBOOK
_M8
_UAVAILABLE
_WNov 19, 2008
_y2601
_ZSchool Collections
995 _aTEXTBOOKS (SBE)
_D0.00
_e2600
_FCBU-SCHOOL TEXTBOOK COLLECTIONS
_H1
_I0.00
_jSCHOOL TEXTBOOK
_M7
_UAVAILABLE
_WNov 19, 2008
_y2600
_ZSchool Collections
995 _aTEXTBOOKS (SB)
_D0.00
_e1079
_FCBU-SCHOOL TEXTBOOK COLLECTIONS
_H1
_I0.00
_jSCHOOL TEXTBOOK
_M17
_UAVAILABLE
_WSep 15, 2009
_y1079
_ZSchool Collections
995 _aTEXTBOOKS (SB)
_D0.00
_e1080
_FCBU-SCHOOL TEXTBOOK COLLECTIONS
_H1
_I0.00
_jSCHOOL TEXTBOOK
_M18
_UAVAILABLE
_WSep 15, 2009
_y1080
_ZSchool Collections
995 _aMAIN LIBRARY OPEN ACCESS
_D0.00
_e726759
_FCBU-MAIN LIBRARY (Kitwe)
_H6
_I4000.00
_jHC 915 Que
_M2
_UAVAILABLE
_y003200
_ZMain Library Open Access Collection
995 _aTEXTBOOKS (SBE)
_D0.00
_e2607
_FCBU-SCHOOL TEXTBOOK COLLECTIONS
_H1
_I0.00
_jSCHOOL TEXTBOOK
_M12
_UAVAILABLE
_WNov 19, 2008
_y2607
_ZSchool Collections
995 _aTEXTBOOKS (SB)
_D0.00
_e1076
_FCBU-SCHOOL TEXTBOOK COLLECTIONS
_H1
_I0.00
_jSCHOOL TEXTBOOK
_M14
_UAVAILABLE
_WSep 15, 2009
_y1076
_ZSchool Collections
995 _aTEXTBOOKS (SBE)
_D0.00
_e2604
_FCBU-SCHOOL TEXTBOOK COLLECTIONS
_H1
_I0.00
_jSCHOOL TEXTBOOK
_M11
_UAVAILABLE
_WNov 19, 2008
_y2604
_ZSchool Collections
995 _aTEXTBOOKS (SBE)
_D0.00
_e2602
_FCBU-SCHOOL TEXTBOOK COLLECTIONS
_H1
_I0.00
_jSCHOOL TEXTBOOK
_M9
_UAVAILABLE
_WNov 19, 2008
_y2602
_ZSchool Collections
995 _aTEXTBOOKS (SBE)
_D0.00
_e2603
_FCBU-SCHOOL TEXTBOOK COLLECTIONS
_H1
_I0.00
_jSCHOOL TEXTBOOK
_M10
_UAVAILABLE
_WNov 19, 2008
_y2603
_ZSchool Collections
995 _aTEXTBOOKS (SB)
_D0.00
_e1077
_FCBU-SCHOOL TEXTBOOK COLLECTIONS
_H1
_I0.00
_jSCHOOL TEXTBOOK
_M15
_UAVAILABLE
_WSep 15, 2009
_y1077
_ZSchool Collections
999 _c79939
_d79939